Family Guy Trivia Quiz Stats

 Plays Quiz not verified by Sporcle

Challenge
Share
Tweet
Embed
Score 0/20 Timer 07:00
0 Plays Today
Questions Answers % Correct
Who is Peters daughter?Meg
98.8%
What happens first - Lois kills Stewie or Stewie kills Lois?Stewie kills Lois
87.8%
What is the town that the Griffins live on?Quahog
86.6%
What is the name of the street that the Griffins live on?Spooner
85.5%
In what year was the first episode created?1999
81.4%
Who is the neighbor directly to the Griffins left?Quagmire
80.2%
Who is the Mayor of Quahog?Adam West
71.6%
What Color is the Griffins door?Red
70%
Who is Joe's wife?Bonnie
68.5%
Who created Family GuySeth Mcfarlane
64.5%
Questions Answers % Correct
What is the name of the cleaning lady?Consuela
63.4%
What is the name of the High School that Chris and Meg attend?James Woods High
56.5%
In one episode, what former US President does Lois sleep with?Bill Clinton
56.2%
In one episode when Meg gets a sex change, what is her new name?Ron
46.5%
What children's show does Stewie appear on?Jolly Farm
38.5%
Peter walks ________ down the isleJillian
37.1%
What beer do they drink on Family Guy?Pawtucket Ale
19.2%
What was Peters old Job?Toy Maker
18.9%
According to Peter, all Russians are what?Bears on unicycles
11.8%
What is his name on that said show?Karina
11.2%

You're not logged in!

Compare scores with friends on all Sporcle quizzes.
Join for Free
OR
Log In

You Might Also Like...

Show Comments

Extras

Created Nov 26, 2011ReportNominate
Tags:family, guy

Top Quizzes Today


Score Distribution

Your Account Isn't Verified!

In order to create a playlist on Sporcle, you need to verify the email address you used during registration. Go to your Sporcle Settings to finish the process.

Report this User

Report this user for behavior that violates our Community Guidelines.

Details: